[Event "Magistral Alzira-Oliva-L'Alcudia"]
[Site "Alzira, Oliva, Alcudia ESP"]
[Date "2010.02.09"]
[Round "1.1"]
[White "Fenollar Jorda, Manuel"]
[Black "Sanchez Saez, Francisco"]
[Result "1-0"]
[WhiteElo "2328"]
[BlackElo "2193"]
[PlyCount "69"]
[EventDate "2010.02.09"]
[EventType "tourn"]
[EventRounds "9"]
[EventCountry "ESP"]
[EventCategory "3"]
[Source "lmi"]
[SourceDate "2010.02.09"]

1. d4 Nf6 2. c4 g6 3. Nc3 Bg7 4. e4 d6 5. h3 O-O 6. Bg5 h6 7. Be3 Nbd7 8. Qd2
Kh7 9. Bd3 c5 10. d5 a6 11. f4 e5 12. dxe6 fxe6 13. Nf3 b5 14. cxb5 d5 15. e5
d4 16. exf6 dxc3 17. bxc3 Qxf6 18. O-O Rd8 19. Qc2 axb5 20. Bxb5 Ra3 21. Rac1
Ra5 22. a4 Bb7 23. Rcd1 Nb6 24. c4 Rxd1 25. Qxd1 Qf5 26. Qd8 Qe4 27. Re1 Qc2
28. Qxb6 Bxf3 29. gxf3 Qc3 30. Re2 Ra8 31. Qxe6 Rd8 32. Be8 Rd1+ 33. Kf2 Bf6
34. f5 Qa1 35. Bxg6+ 1-0

[Event "Magistral Alzira-Oliva-L'Alcudia"]
[Site "Alzira, Oliva, Alcudia ESP"]
[Date "2010.02.09"]
[Round "1.2"]
[White "Castellanos Rodriguez, Renier"]
[Black "Abreu Delgado, Aryam"]
[Result "1-0"]
[WhiteElo "2438"]
[BlackElo "2484"]
[PlyCount "89"]
[EventDate "2010.02.09"]
[EventType "tourn"]
[EventRounds "9"]
[EventCountry "ESP"]
[EventCategory "3"]
[Source "lmi"]
[SourceDate "2010.02.09"]

1. e4 c5 2. Nf3 d6 3. d4 cxd4 4. Nxd4 Nf6 5. Nc3 Nc6 6. Bg5 e6 7. Qd3 a6 8. f4
Bd7 9. O-O-O h6 10. Bh4 g5 11. fxg5 Ng4 12. Nxc6 Bxc6 13. Be2 hxg5 14. Bg3 Ne5
15. Qd4 Qc7 16. Kb1 Be7 17. Rhf1 b5 18. a3 Rb8 19. Qf2 Qb6 20. Rd4 f6 21. h4
gxh4 22. Bxh4 Kd7 23. Rfd1 Kc7 24. g4 Rbf8 25. Bg3 Rhg8 26. Qh2 Rh8 27. Qg1
Rhg8 28. Qe3 Rf7 29. Qd2 Kb7 30. a4 Qa5 31. Qe3 Nxg4 32. Bxg4 Rxg4 33. Bf2 Kc8
34. Qh3 f5 35. Rxd6 Bxd6 36. Rxd6 Bd7 37. exf5 exf5 38. Qf3 Qc7 39. Rxa6 Qb7
40. Ra8+ Kc7 41. Ra7 Qxa7 42. Bxa7 Bc6 43. Nxb5+ Kb7 44. Qe3 Rg6 45. Qb6+ 1-0

[Event "Magistral Alzira-Oliva-L'Alcudia"]
[Site "Alzira, Oliva, Alcudia ESP"]
[Date "2010.02.09"]
[Round "1.3"]
[White "Cucarella Montell, Angels"]
[Black "Palencia, Wilson"]
[Result "0-1"]
[WhiteElo "1965"]
[BlackElo "2348"]
[PlyCount "74"]
[EventDate "2010.02.09"]
[EventType "tourn"]
[EventRounds "9"]
[EventCountry "ESP"]
[EventCategory "3"]
[Source "lmi"]
[SourceDate "2010.02.09"]

1. e4 d6 2. d4 Nf6 3. Nc3 g6 4. Nge2 Bg7 5. g3 O-O 6. Bg2 e5 7. h3 a6 8. a4
exd4 9. Nxd4 c5 10. Nde2 Nc6 11. O-O Rb8 12. f4 Qc7 13. g4 h6 14. Ng3 Ne7 15.
Qe2 Bd7 16. e5 dxe5 17. fxe5 Nh7 18. Nge4 Bc6 19. e6 fxe6 20. Qc4 Bd5 21. Qe2
Rxf1+ 22. Kxf1 Bc6 23. Be3 Nd5 24. Bd2 Nf4 25. Bxf4 Qxf4+ 26. Ke1 Ng5 27. Nxg5
Qg3+ 28. Kd1 Bxg2 29. Qxe6+ Kh8 30. Nf7+ Kh7 31. Ra3 Bxh3 32. Ne2 Bxg4 33. Qc4
Qg2 34. Re3 Bxe2+ 35. Rxe2 Qf1+ 36. Kd2 Rf8 37. Nd6 Rd8 0-1

[Event "Magistral Alzira-Oliva-L'Alcudia"]
[Site "Alzira, Oliva, Alcudia ESP"]
[Date "2010.02.09"]
[Round "1.5"]
[White "Gongora Reyes, Maikel"]
[Black "Del Valle Cirera, Adria"]
[Result "1-0"]
[WhiteElo "2470"]
[BlackElo "2218"]
[PlyCount "37"]
[EventDate "2010.02.09"]
[EventType "tourn"]
[EventRounds "9"]
[EventCountry "ESP"]
[EventCategory "3"]
[Source "lmi"]
[SourceDate "2010.02.09"]

1. d4 d5 2. Nf3 Nf6 3. Bf4 e6 4. e3 c5 5. c3 Bd6 6. Bg3 Nc6 7. Nbd2 Qe7 8. Ne5
O-O 9. f4 Nd7 10. Bd3 f6 11. Nxd7 Bxd7 12. O-O e5 13. fxe5 fxe5 14. Qh5 g6 15.
Bxg6 hxg6 16. Qxg6+ Kh8 17. Qh6+ Kg8 18. Bh4 Qe6 19. Bf6 1-0

[Event "Magistral Alzira-Oliva-L'Alcudia"]
[Site "Alzira, Oliva, Alcudia ESP"]
[Date "2010.02.10"]
[Round "2.1"]
[White "Sanchez Saez, Francisco"]
[Black "Del Valle Cirera, Adria"]
[Result "1-0"]
[WhiteElo "2193"]
[BlackElo "2218"]
[PlyCount "67"]
[EventDate "2010.02.09"]
[EventType "tourn"]
[EventRounds "9"]
[EventCountry "ESP"]
[EventCategory "3"]
[Source "lmi"]
[SourceDate "2010.02.09"]

1. e4 c5 2. Nf3 d6 3. d4 cxd4 4. Nxd4 Nf6 5. Nc3 a6 6. Be3 e6 7. g4 h6 8. Rg1
b5 9. f3 b4 10. Nce2 e5 11. Nf5 d5 12. Neg3 g6 13. Nxh6 Bxh6 14. g5 d4 15. Bd2
Bxg5 16. Bxg5 Rxh2 17. Bc4 Qb6 18. Qd3 Nbd7 19. O-O-O Nc5 20. Qf1 Bb7 21. Rh1
Rxh1 22. Qxh1 Rc8 23. Qh8+ Ke7 24. Qg7 Rf8 25. Rh1 Ncd7 26. b3 d3 27. Bxd3 Qf2
28. Bh4 Qe3+ 29. Kb1 Rc8 30. Bc4 Rxc4 31. bxc4 Bc6 32. Rd1 Qf4 33. Qh8 Ke6 34.
c5 1-0

[Event "Magistral Alzira-Oliva-L'Alcudia"]
[Site "Alzira, Oliva, Alcudia ESP"]
[Date "2010.02.10"]
[Round "2.2"]
[White "Bellon Lopez, Juan Manuel"]
[Black "Gongora Reyes, Maikel"]
[Result "0-1"]
[WhiteElo "2440"]
[BlackElo "2470"]
[PlyCount "116"]
[EventDate "2010.02.09"]
[EventType "tourn"]
[EventRounds "9"]
[EventCountry "ESP"]
[EventCategory "3"]
[Source "lmi"]
[SourceDate "2010.02.09"]

1. d4 d5 2. Nf3 Nf6 3. c4 c6 4. Nc3 a6 5. a4 e6 6. e3 a5 7. Bd3 Na6 8. O-O Nb4
9. Ne5 Be7 10. b3 O-O 11. Bb2 b6 12. Rc1 Bb7 13. cxd5 Nxd3 14. Nxd3 exd5 15.
Ne2 Bd6 16. Ng3 g6 17. Ne5 Rc8 18. Rc2 Qe7 19. Qe2 Nd7 20. e4 Nb8 21. Qg4 Qe6
22. Nf5 Bxe5 23. dxe5 c5 24. Qg3 d4 25. Re1 f6 26. exf6 Rxf6 27. Nh6+ Kh8 28.
Rd2 Nc6 29. Ng4 Rf5 30. Qh4 Rf4 31. f3 Rcf8 32. Qg5 h5 33. Nf2 Kh7 34. Nd3 R4f5
35. Bc1 Ne5 36. Rdd1 Rxf3 37. Bf4 R3xf4 38. Nxf4 Qf6 39. Qxf6 Rxf6 40. Nd5 Rd6
41. Rf1 Kg7 42. Nc7 Bc6 43. Rd2 d3 44. Rc1 Kf7 45. Nd5 Bxd5 46. exd5 Rxd5 47.
h3 Ke6 48. Kf2 Rd4 49. Rc3 Kd5 50. g3 g5 51. Rd1 Re4 52. Rcxd3+ Nxd3+ 53. Rxd3+
Ke5 54. Rc3 g4 55. h4 Kd4 56. Rc1 Re6 57. Rc4+ Kd3 58. Rc1 Kd2 0-1

[Event "Magistral Alzira-Oliva-L'Alcudia"]
[Site "Alzira, Oliva, Alcudia ESP"]
[Date "2010.02.10"]
[Round "2.3"]
[White "Palencia, Wilson"]
[Black "Peña Riasco, Alexander"]
[Result "1-0"]
[WhiteElo "2348"]
[BlackElo "2211"]
[PlyCount "43"]
[EventDate "2010.02.09"]
[EventType "tourn"]
[EventRounds "9"]
[EventCountry "ESP"]
[EventCategory "3"]
[Source "lmi"]
[SourceDate "2010.02.09"]

1. e4 c5 2. Nf3 d6 3. d4 cxd4 4. Nxd4 Nf6 5. Nc3 a6 6. Bg5 e6 7. f4 Qc7 8. Bxf6
gxf6 9. Be2 Nc6 10. Qd3 Be7 11. O-O-O h5 12. f5 Qb6 13. fxe6 fxe6 14. Nxc6 bxc6
15. e5 fxe5 16. Qg6+ Kd8 17. Qg7 Rf8 18. Rxd6+ Bxd6 19. Rd1 Qe3+ 20. Kb1 Rf5
21. Rxd6+ Ke8 22. Qc7 1-0

[Event "Magistral Alzira-Oliva-L'Alcudia"]
[Site "Alzira, Oliva, Alcudia ESP"]
[Date "2010.02.10"]
[Round "2.4"]
[White "Abreu Delgado, Aryam"]
[Black "Cucarella Montell, Angels"]
[Result "1-0"]
[WhiteElo "2484"]
[BlackElo "1965"]
[PlyCount "65"]
[EventDate "2010.02.09"]
[EventType "tourn"]
[EventRounds "9"]
[EventCountry "ESP"]
[EventCategory "3"]
[Source "lmi"]
[SourceDate "2010.02.09"]

1. d4 d5 2. c4 c6 3. Nf3 dxc4 4. e3 Be6 5. a4 Nf6 6. Na3 g6 7. Bxc4 Bxc4 8.
Nxc4 Bg7 9. O-O O-O 10. b4 Qd5 11. Qc2 Nbd7 12. Bb2 Qf5 13. Qe2 Nb6 14. Na5
Rab8 15. Rfc1 Nbd5 16. Qe1 a6 17. Nb3 Ne4 18. Nc5 Nxc5 19. bxc5 Qd7 20. Rab1 f6
21. Rd1 Rfe8 22. h3 b5 23. cxb6 Rxb6 24. Ba3 Reb8 25. Bc5 R6b7 26. Qf1 Kh8 27.
Rbc1 a5 28. Qa6 Bh6 29. Re1 Rb2 30. Qxa5 R8b3 31. Nd2 Qf5 32. e4 Bxd2 33. Qd8+
1-0

[Event "Magistral Alzira-Oliva-L'Alcudia"]
[Site "Alzira, Oliva, Alcudia ESP"]
[Date "2010.02.10"]
[Round "2.5"]
[White "Fenollar Jorda, Manuel"]
[Black "Castellanos Rodriguez, Renier"]
[Result "1/2-1/2"]
[WhiteElo "2328"]
[BlackElo "2438"]
[PlyCount "35"]
[EventDate "2010.02.09"]
[EventType "tourn"]
[EventRounds "9"]
[EventCountry "ESP"]
[EventCategory "3"]
[Source "lmi"]
[SourceDate "2010.02.09"]

1. d4 Nf6 2. c4 g6 3. Nc3 Bg7 4. e4 d6 5. h3 O-O 6. Bg5 Na6 7. Nf3 Qe8 8. Bd3
e5 9. d5 Nh5 10. g3 f5 11. Qe2 Nb4 12. Bb1 c6 13. a3 Na6 14. Bc2 Nc7 15. O-O-O
c5 16. exf5 gxf5 17. Nh4 h6 18. Bd2 1/2-1/2

[Event "Magistral Alzira-Oliva-L'Alcudia"]
[Site "Alzira, Oliva, Alcudia ESP"]
[Date "2010.02.11"]
[Round "3.1"]
[White "Castellanos Rodriguez, Renier"]
[Black "Sanchez Saez, Francisco"]
[Result "1-0"]
[WhiteElo "2438"]
[BlackElo "2193"]
[PlyCount "43"]
[EventDate "2010.02.09"]
[EventType "tourn"]
[EventRounds "9"]
[EventCountry "ESP"]
[EventCategory "3"]
[Source "lmi"]
[SourceDate "2010.02.09"]

1. e4 c5 2. Nf3 d6 3. Bc4 Nc6 4. c3 Nf6 5. d3 Rb8 6. h3 b5 7. Bb3 h6 8. d4 c4
9. Bc2 g5 10. d5 Ne5 11. Nxe5 dxe5 12. b3 Qc7 13. Be3 cxb3 14. axb3 a5 15. c4
e6 16. O-O b4 17. Nd2 Bc5 18. Qf3 Ke7 19. Bxc5+ Qxc5 20. Qe3 Qxe3 21. fxe3 Ra8
22. d6+ 1-0

[Event "Magistral Alzira-Oliva-L'Alcudia"]
[Site "Alzira, Oliva, Alcudia ESP"]
[Date "2010.02.11"]
[Round "3.2"]
[White "Cucarella Montell, Angels"]
[Black "Fenollar Jorda, Manuel"]
[Result "0-1"]
[WhiteElo "1965"]
[BlackElo "2328"]
[PlyCount "88"]
[EventDate "2010.02.09"]
[EventType "tourn"]
[EventRounds "9"]
[EventCountry "ESP"]
[EventCategory "3"]
[Source "lmi"]
[SourceDate "2010.02.09"]

1. e4 e5 2. Nf3 Nc6 3. Bb5 a6 4. Ba4 Nf6 5. Qe2 b5 6. Bb3 Bc5 7. c3 d6 8. d3
Bb6 9. Bg5 h6 10. Bh4 Be6 11. Bc2 Ne7 12. Bxf6 gxf6 13. Nh4 f5 14. Qh5 fxe4 15.
dxe4 Qd7 16. h3 O-O-O 17. a4 Kb7 18. Nd2 Rdf8 19. Qe2 Rhg8 20. a5 Ba7 21. c4 c6
22. Ra3 f5 23. cxb5 axb5 24. a6+ Ka8 25. b4 fxe4 26. Nxe4 Nd5 27. Qd2 Qe7 28.
g3 Qd7 29. g4 Qe7 30. Ng2 h5 31. f3 Rh8 32. g5 h4 33. Ke2 Qd7 34. Nf2 Qe7 35.
Be4 Qc7 36. Rc1 Rc8 37. Ng4 Qb6 38. Nf6 Nxf6 39. gxf6 d5 40. Bg6 Rhg8 41. Qg5
Rxg6 42. Qxg6 Rg8 43. f7 Bxf7 44. Qxf7 Rxg2+ 0-1

[Event "Magistral Alzira-Oliva-L'Alcudia"]
[Site "Alzira, Oliva, Alcudia ESP"]
[Date "2010.02.11"]
[Round "3.4"]
[White "Gongora Reyes, Maikel"]
[Black "Palencia, Wilson"]
[Result "1/2-1/2"]
[WhiteElo "2470"]
[BlackElo "2348"]
[PlyCount "128"]
[EventDate "2010.02.09"]
[EventType "tourn"]
[EventRounds "9"]
[EventCountry "ESP"]
[EventCategory "3"]
[Source "lmi"]
[SourceDate "2010.02.09"]

1. d4 d5 2. c4 c6 3. Nc3 Nf6 4. Nf3 e6 5. Bg5 dxc4 6. e4 b5 7. e5 h6 8. Bh4 g5
9. Bg3 Nd5 10. Be2 Nxc3 11. bxc3 Nd7 12. Nd2 Nb6 13. h4 Nd5 14. Ne4 Qa5 15. Rc1
Bd7 16. hxg5 O-O-O 17. Qd2 Ba3 18. gxh6 Bxc1 19. Qxc1 Rdg8 20. a3 Rh7 21. Bh4
Rg6 22. Bf6 Rxg2 23. Kf1 Rg6 24. Rh3 Nxf6 25. Nxf6 Rh8 26. Bf3 Qd8 27. Qf4 Qf8
28. h7 Qxa3 29. Bg4 Qa1+ 30. Kg2 Qb1 31. Rg3 Rxf6 32. exf6 Qxh7 33. Rh3 Qg8 34.
Rxh8 Qxh8 35. Qg5 e5 36. Bxd7+ Kxd7 37. Qf5+ Kd8 38. Qxe5 Qe8 39. Qb8+ Kd7 40.
Qxa7+ Ke6 41. Qc7 Kxf6 42. Qf4+ Ke7 43. d5 cxd5 44. Qe5+ Kd8 45. Qb8+ Ke7 46.
Qe5+ Kd7 47. Qxd5+ Kc7 48. Kf1 Qd7 49. Qc5+ Kb7 50. Qb4 Kb6 51. Qa3 f5 52. Kg2
Qg7+ 53. Kf1 Qe5 54. Kg2 Qd5+ 55. Kg3 Qe5+ 56. Kg2 f4 57. Kf3 Qf6 58. Qb2 Kc6
59. Qa3 Kb7 60. Qb4 Qe5 61. Qa5 Qf5 62. Qa3 Qe5 63. Qa5 Qf5 64. Qa3 Qe5 1/2-1/2

[Event "Magistral Alzira-Oliva-L'Alcudia"]
[Site "Alzira, Oliva, Alcudia ESP"]
[Date "2010.02.11"]
[Round "3.5"]
[White "Del Valle Cirera, Adria"]
[Black "Bellon Lopez, Juan Manuel"]
[Result "0-1"]
[WhiteElo "2218"]
[BlackElo "2440"]
[PlyCount "86"]
[EventDate "2010.02.09"]
[EventType "tourn"]
[EventRounds "9"]
[EventCountry "ESP"]
[EventCategory "3"]
[Source "lmi"]
[SourceDate "2010.02.09"]

1. e4 c5 2. Nf3 e6 3. d4 cxd4 4. Nxd4 Nc6 5. c4 Bc5 6. Nb3 Be7 7. Nc3 Nf6 8.
Be2 O-O 9. O-O d6 10. Be3 b6 11. Qd2 Ne5 12. f3 Bb7 13. Nd4 Rc8 14. b3 a6 15.
Rfd1 Re8 16. Rac1 Qc7 17. Bf1 Qb8 18. Qf2 Bd8 19. Na4 Bc7 20. Nc2 d5 21. cxd5
exd5 22. exd5 Neg4 23. fxg4 Bxh2+ 24. Kh1 Ne4 25. Qf3 Rxc2 26. Rxc2 Ng3+ 27.
Kxh2 Nxf1+ 28. Kg1 Nxe3 29. Rcd2 Nxd1 30. Rxd1 Qd6 31. Qf2 b5 32. Nc5 Bxd5 33.
Qd4 h6 34. Nxa6 Qxa6 35. Qxd5 Qxa2 36. Qxb5 Qa7+ 37. Kh1 Qb8 38. Qc4 Qb7 39. b4
Re4 40. Rd8+ Kh7 41. Qd3 Qxb4 42. Qf3 Qe1+ 43. Kh2 Qh4+ 0-1

[Event "Magistral Alzira-Oliva-L'Alcudia"]
[Site "Alzira, Oliva, Alcudia ESP"]
[Date "2010.02.12"]
[Round "4.1"]
[White "Sanchez Saez, Francisco"]
[Black "Bellon Lopez, Juan Manuel"]
[Result "0-1"]
[WhiteElo "2193"]
[BlackElo "2440"]
[PlyCount "106"]
[EventDate "2010.02.09"]
[EventType "tourn"]
[EventRounds "9"]
[EventCountry "ESP"]
[EventCategory "3"]
[Source "lmi"]
[SourceDate "2010.02.09"]

1. e4 c5 2. Nf3 Nc6 3. d4 cxd4 4. Nxd4 Nf6 5. Nc3 e6 6. Ndb5 Bc5 7. Nd6+ Ke7 8.
Bf4 e5 9. Nf5+ Kf8 10. Be3 Bb4 11. Qf3 d5 12. O-O-O Bxf5 13. Qxf5 d4 14. Bg5
Bxc3 15. bxc3 Qa5 16. Bc4 Ne7 17. Qf3 Rc8 18. Bb3 Rxc3 19. Rd3 Rc6 20. Kb1 Ng6
21. h4 h5 22. Bd2 Qc7 23. Rh3 a5 24. Bc1 b5 25. a4 b4 26. Qe2 Nd7 27. f4 Nc5
28. fxe5 Nxd3 29. Qxd3 Qb6 30. e6 Ne5 31. Qg3 Rxe6 32. Bxe6 Qxe6 33. Bb2 Nc6
34. Bxd4 Nxd4 35. Qb8+ Ke7 36. Qxh8 Qc4 37. Qxg7 Qxc2+ 38. Ka1 Qxa4+ 39. Kb2
Qc2+ 40. Ka1 Qxe4 41. Qg5+ Ke6 42. Qh6+ f6 43. Qxh5 Qe1+ 44. Kb2 Qf2+ 45. Kb1
Qf1+ 46. Kb2 Qxg2+ 47. Kb1 Qxh3 48. Qe8+ Kd5 49. Qd8+ Kc4 50. Qc7+ Kd3 51. Qc1
Qe3 52. Qf1+ Kc3 53. h5 Qe4+ 0-1

[Event "Magistral Alzira-Oliva-L'Alcudia"]
[Site "Alzira, Oliva, Alcudia ESP"]
[Date "2010.02.12"]
[Round "4.2"]
[White "Palencia, Wilson"]
[Black "Del Valle Cirera, Adria"]
[Result "1/2-1/2"]
[WhiteElo "2348"]
[BlackElo "2218"]
[PlyCount "96"]
[EventDate "2010.02.09"]
[EventType "tourn"]
[EventRounds "9"]
[EventCountry "ESP"]
[EventCategory "3"]
[Source "lmi"]
[SourceDate "2010.02.09"]

1. e4 c5 2. Nf3 d6 3. d4 cxd4 4. Nxd4 Nf6 5. Nc3 a6 6. Bg5 e6 7. f4 Nc6 8. Nxc6
bxc6 9. Qd4 h6 10. Bh4 c5 11. Bxf6 cxd4 12. Bxd8 Kxd8 13. Ne2 e5 14. fxe5 dxe5
15. c3 dxc3 16. Nxc3 Be6 17. O-O-O+ Kc7 18. Nd5+ Kb7 19. Kb1 Rc8 20. Rd3 Bc5
21. Be2 Rhd8 22. Rf1 Ka7 23. Rg3 g6 24. Bd1 Rd6 25. Bb3 Bd4 26. Nb4 Bxb3 27.
Rxb3 f6 28. Rd1 f5 29. exf5 gxf5 30. Nc2 Bc5 31. Rxd6 Bxd6 32. Rh3 Bf8 33. Rh5
Rd8 34. Kc1 Be7 35. h4 e4 36. Rxh6 Bd6 37. Rh7+ Kb6 38. b3 Bf4+ 39. Kb2 Be5+
40. Kc1 Bf4+ 41. Kb2 Rd2 42. Kc3 Rxg2 43. Nd4 Be5 44. Kc4 e3 45. Rh6+ Kb7 46.
Re6 Bxd4 47. Kxd4 e2 48. Kd3 Rh2 1/2-1/2

[Event "Magistral Alzira-Oliva-L'Alcudia"]
[Site "Alzira, Oliva, Alcudia ESP"]
[Date "2010.02.12"]
[Round "4.3"]
[White "Abreu Delgado, Aryam"]
[Black "Gongora Reyes, Maikel"]
[Result "1/2-1/2"]
[WhiteElo "2484"]
[BlackElo "2470"]
[PlyCount "45"]
[EventDate "2010.02.09"]
[EventType "tourn"]
[EventRounds "9"]
[EventCountry "ESP"]
[EventCategory "3"]
[Source "lmi"]
[SourceDate "2010.02.09"]

1. e4 e5 2. Nf3 Nc6 3. Bb5 a6 4. Ba4 Nf6 5. O-O Be7 6. Re1 b5 7. Bb3 d6 8. c3
O-O 9. h3 Na5 10. Bc2 c5 11. d4 Nc6 12. d5 Na5 13. b3 Qc7 14. Nbd2 g6 15. Nf1
Nh5 16. Bh6 Ng7 17. Ng3 Bd7 18. Qd2 Nb7 19. Nh2 f6 20. f4 exf4 21. Bxf4 Nd8 22.
a4 Nf7 23. Nf3 1/2-1/2

[Event "Magistral Alzira-Oliva-L'Alcudia"]
[Site "Alzira, Oliva, Alcudia ESP"]
[Date "2010.02.12"]
[Round "4.4"]
[White "Fenollar Jorda, Manuel"]
[Black "Peña Riasco, Alexander"]
[Result "1-0"]
[WhiteElo "2328"]
[BlackElo "2211"]
[PlyCount "139"]
[EventDate "2010.02.09"]
[EventType "tourn"]
[EventRounds "9"]
[EventCountry "ESP"]
[EventCategory "3"]
[Source "lmi"]
[SourceDate "2010.02.09"]

1. d4 Nf6 2. c4 g6 3. Nc3 Bg7 4. e4 d6 5. h3 O-O 6. Bg5 c6 7. Nf3 a6 8. a4 a5
9. Bd3 Na6 10. O-O Nb4 11. Rc1 Nxd3 12. Qxd3 Qc7 13. Rfd1 Re8 14. b3 Nd7 15.
Rc2 e5 16. dxe5 Nxe5 17. Nxe5 dxe5 18. Rcd2 Be6 19. Qd6 Qxd6 20. Rxd6 f6 21.
Be3 Bf8 22. R6d3 Bb4 23. Na2 Be7 24. Bb6 h5 25. Nc3 Kf7 26. Nb1 g5 27. c5 g4
28. hxg4 hxg4 29. Na3 Rg8 30. Nc4 Rh8 31. Kf1 Rh4 32. g3 Rh1+ 33. Ke2 Rxd1 34.
Rxd1 Bxc4+ 35. bxc4 Ke6 36. Rh1 Rf8 37. Rh6 Rf7 38. f4 gxf3+ 39. Kxf3 Bf8 40.
Rh5 Rd7 41. Rh8 Kf7 42. Rh7+ Bg7 43. Bxa5 Rd4 44. Rh1 Rxc4 45. Rb1 Rxc5 46.
Rxb7+ Kg6 47. Ra7 Bh6 48. Ra8 Rc1 49. Bb6 c5 50. a5 Rc3+ 51. Kg2 Rb3 52. Bxc5
Be3 53. Bxe3 Rxe3 54. a6 Ra3 55. Kh3 Ra4 56. a7 Kg7 57. g4 Ra2 58. g5 fxg5 59.
Kg4 Ra3 60. Kxg5 Ra1 61. Kf5 Ra5 62. Ke6 Kh7 63. Kf6 Ra1 64. Kxe5 Ra5+ 65. Kf6
Ra6+ 66. Kf5 Kg7 67. e5 Ra5 68. Ke4 Ra6 69. Kd5 Ra1 70. e6 1-0

[Event "Magistral Alzira-Oliva-L'Alcudia"]
[Site "Alzira, Oliva, Alcudia ESP"]
[Date "2010.02.12"]
[Round "4.5"]
[White "Castellanos Rodriguez, Renier"]
[Black "Cucarella Montell, Angels"]
[Result "1-0"]
[WhiteElo "2438"]
[BlackElo "1965"]
[PlyCount "47"]
[EventDate "2010.02.09"]
[EventType "tourn"]
[EventRounds "9"]
[EventCountry "ESP"]
[EventCategory "3"]
[Source "lmi"]
[SourceDate "2010.02.09"]

1. e4 c5 2. Nf3 e6 3. g3 a6 4. Bg2 Nc6 5. O-O d6 6. c3 e5 7. h3 g6 8. d4 cxd4
9. cxd4 Nxd4 10. Nxd4 exd4 11. Qxd4 Qf6 12. Qb6 Qd8 13. Qxd8+ Kxd8 14. Rd1 Kc7
15. Bf4 f6 16. Nc3 Be6 17. Rac1 g5 18. Bxd6+ Bxd6 19. Nb5+ Kb6 20. Rxd6+ Kxb5
21. Rxe6 Rd8 22. e5 fxe5 23. Bxb7 a5 24. Ba6+ 1-0

[Event "Magistral Alzira-Oliva-L'Alcudia"]
[Site "Alzira, Oliva, Alcudia ESP"]
[Date "2010.02.15"]
[Round "5.1"]
[White "Cucarella Montell, Angels"]
[Black "Sanchez Saez, Francisco"]
[Result "1-0"]
[WhiteElo "1965"]
[BlackElo "2193"]
[PlyCount "107"]
[EventDate "2010.02.09"]
[EventType "tourn"]
[EventRounds "9"]
[EventCountry "ESP"]
[EventCategory "3"]
[Source "lmi"]
[SourceDate "2010.02.09"]

1. e4 c5 2. Nf3 d6 3. d4 cxd4 4. Nxd4 Nf6 5. Nc3 g6 6. Be3 Bg7 7. f3 O-O 8. Bc4
Nc6 9. Qd2 Bd7 10. O-O-O Rb8 11. Bb3 Na5 12. h4 b5 13. h5 Nc4 14. Bxc4 bxc4 15.
Nd5 Nxd5 16. exd5 c3 17. Qxc3 Qb6 18. b3 Rfc8 19. Qd2 Qc5 20. Kb1 Qxd5 21. hxg6
hxg6 22. Bh6 Qxd4 23. Qxd4 Bxd4 24. Rxd4 Bf5 25. Rd2 Rb5 26. g4 Bd7 27. Be3 a5
28. g5 Bf5 29. Rdh2 Bxc2+ 30. Kb2 f5 31. Rh8+ Kf7 32. R1h7+ Ke6 33. Rxc8 Bd1
34. f4 a4 35. Rc3 Rb7 36. Rg7 Bh5 37. Bd2 d5 38. Re3+ Kd6 39. Rexe7 Rb8 40. Be3
Rb5 41. Ra7 d4 42. Bxd4 Kd5 43. Rxa4 Ke4 44. Be5+ Kf3 45. Rc4 Rd5 46. Rgc7 Kg3
47. Rc3+ Bf3 48. Rg7 Kg4 49. Rxg6 Be4 50. Rd6 Rb5 51. g6 Bd5 52. g7 Bf7 53.
g8=Q+ Bxg8 54. Rg6+ 1-0

[Event "Magistral Alzira-Oliva-L'Alcudia"]
[Site "Alzira, Oliva, Alcudia ESP"]
[Date "2010.02.15"]
[Round "5.2"]
[White "Peña Riasco, Alexander"]
[Black "Castellanos Rodriguez, Renier"]
[Result "0-1"]
[WhiteElo "2211"]
[BlackElo "2438"]
[PlyCount "79"]
[EventDate "2010.02.09"]
[EventType "tourn"]
[EventRounds "9"]
[EventCountry "ESP"]
[EventCategory "3"]
[Source "lmi"]
[SourceDate "2010.02.09"]

1. e4 c5 2. Nf3 e6 3. d4 cxd4 4. Nxd4 a6 5. Nc3 Qc7 6. Bd3 b5 7. Be3 Bb7 8. Qd2
Nf6 9. f3 d5 10. exd5 Nxd5 11. Nxd5 Bxd5 12. O-O-O Nd7 13. Kb1 Nc5 14. Rhe1
Nxd3 15. Qxd3 Rc8 16. Nf5 Rd8 17. Bd4 f6 18. Qe3 Rc8 19. c3 Qd7 20. g4 Kf7 21.
Ng3 b4 22. f4 bxc3 23. Bxc3 Bc5 24. Qe2 Rhe8 25. b4 f5 26. Qe5 Bf8 27. Nxf5
Rxc3 28. Qxc3 exf5 29. Rxe8 Be4+ 30. Kc1 Qxe8 31. Qc4+ Qe6 32. Rd7+ Be7 33.
Qxe6+ Kxe6 34. Ra7 Bd3 35. Kd2 Bb5 36. g5 Bf1 37. Kc3 g6 38. Kd4 Bd6 39. Rxh7
Bxf4 40. h4 0-1

[Event "Magistral Alzira-Oliva-L'Alcudia"]
[Site "Alzira, Oliva, Alcudia ESP"]
[Date "2010.02.15"]
[Round "5.3"]
[White "Gongora Reyes, Maikel"]
[Black "Fenollar Jorda, Manuel"]
[Result "1/2-1/2"]
[WhiteElo "2470"]
[BlackElo "2328"]
[PlyCount "112"]
[EventDate "2010.02.09"]
[EventType "tourn"]
[EventRounds "9"]
[EventCountry "ESP"]
[EventCategory "3"]
[Source "lmi"]
[SourceDate "2010.02.09"]

1. d4 d5 2. c4 c6 3. Nc3 Nf6 4. Nf3 a6 5. e3 b5 6. b3 Bg4 7. h3 Bh5 8. Be2 Nbd7
9. O-O e6 10. Bb2 Bd6 11. Ne5 Bxe2 12. Nxe2 bxc4 13. bxc4 O-O 14. Nxd7 Nxd7 15.
c5 Be7 16. Qa4 Qc7 17. Bc3 Rfb8 18. Ba5 Qc8 19. Rab1 e5 20. Rfc1 Bf6 21. Qc2
Rb5 22. Bc3 exd4 23. exd4 Bg5 24. Re1 Nf6 25. a4 Rxb1 26. Rxb1 Rb8 27. Rb6 Nd7
28. Rxb8 Qxb8 29. Qf5 Qd8 30. Qb1 Qb8 31. Qxb8+ Nxb8 32. Kf1 Kf8 33. Ke1 Ke8
34. Bd2 Bxd2+ 35. Kxd2 Nd7 36. Nf4 Kd8 37. h4 Kc7 38. Ke3 Nf8 39. g4 Ng6 40.
Ng2 Ne7 41. h5 g6 42. Kf4 f6 43. Ne3 g5+ 44. Kg3 Kd7 45. f4 Kc7 46. Nc2 Ng8 47.
Nb4 Kb7 48. Nd3 h6 49. Kf3 a5 50. fxg5 fxg5 51. Ne5 Kc7 52. Nf7 Kd7 53. Kg3 Kc7
54. Nd6 Nf6 55. Kf3 Ng8 56. Nf5 Kb7 1/2-1/2

[Event "Magistral Alzira-Oliva-L'Alcudia"]
[Site "Alzira, Oliva, Alcudia ESP"]
[Date "2010.02.15"]
[Round "5.4"]
[White "Del Valle Cirera, Adria"]
[Black "Abreu Delgado, Aryam"]
[Result "0-1"]
[WhiteElo "2218"]
[BlackElo "2484"]
[PlyCount "82"]
[EventDate "2010.02.09"]
[EventType "tourn"]
[EventRounds "9"]
[EventCountry "ESP"]
[EventCategory "3"]
[Source "lmi"]
[SourceDate "2010.02.09"]

1. e4 c5 2. Nf3 d6 3. d4 cxd4 4. Nxd4 Nf6 5. Nc3 a6 6. h3 e6 7. g4 Be7 8. Bg2
Nfd7 9. Be3 Nc6 10. Qe2 O-O 11. O-O-O Nxd4 12. Bxd4 b5 13. e5 d5 14. Nxd5 exd5
15. Bxd5 Rb8 16. Ba7 Rb7 17. Bxb7 Bxb7 18. Rhe1 Qc7 19. f4 Nc5 20. Bxc5 Bxc5
21. f5 Re8 22. h4 Bc6 23. Kb1 Qa7 24. g5 Bf2 25. Rf1 Bd4 26. e6 f6 27. c3 Be5
28. h5 Qc5 29. h6 fxg5 30. hxg7 Kxg7 31. Qh5 Qe7 32. Rg1 Bf6 33. Rd6 Bf3 34.
Qh2 Rd8 35. Rxd8 Qxd8 36. Re1 h5 37. Qf2 g4 38. e7 Bxe7 39. Qa7 Kf8 40. Qxa6
Qd3+ 41. Ka1 Qxf5 0-1